Antibiotikumrezisztencia forrópontok funkcionális metagenomikai szűrése béta-laktám antibiotikumokkal szemben

Elmentve itt :
Bibliográfiai részletek
Szerző: Nagrand Erika
További közreműködők: Gácser Attila (Témavezető)
Kintses Bálint (Témavezető)
Dokumentumtípus: Szakdolgozat
Megjelent: 2023
Tárgyszavak:
Online Access:http://diploma.bibl.u-szeged.hu/140897
LEADER 00861nta a2200205 i 4500
001 dipl140897
005 20241213114512.0
008 240517s2023 hu om 000 hun d
040 |a SZTE Diploma Repozitórium  |b hun 
041 |a hun 
100 1 |a Nagrand Erika 
245 1 0 |a Antibiotikumrezisztencia forrópontok funkcionális metagenomikai szűrése béta-laktám antibiotikumokkal szemben  |h [elektronikus dokumentum] /  |c Erika Nagrand 
246 1 0 |a Functional metagenomic screening of antibiotic resistance hotspots against beta-lactam antibiotics  |h [elektronikus dokumentum] 
260 |c 2023 
650 4 |a Természettudományok 
650 4 |a Natural sciences 
650 4 |a Biological sciences 
700 0 1 |a Gácser Attila  |e ths 
700 0 1 |a Kintses Bálint  |e ths 
856 4 0 |u https://diploma.bibl.u-szeged.hu/id/eprint/140897/1/2023_nagrand_erika.pdf  |z Dokumentum-elérés